000 00310nam a2200133Ia 4500
008 231129s1972||||xx |||||||||||||| ||spa||
040 _bspa
082 _a193 L489v
100 _aLefebvre Henri
245 0 _aLa vida cotidiana en el mundo moderno
260 _c1972
264 _aAlianza
942 _2ddc
_cBKS
999 _c18431
_d18431